000 00962nam a2200289Ia 4500
001 Z_1878
003 CHAP
008 220113s1998 xx 000 0 und d
010 _a164972
040 _cCHAP
090 _aTesis L 1314
100 _aLara Campos, Eddie Guilbardo
_964830
245 _aPropuesta de estrategia de alimentación con formulación múltiple para el módulo de cerdos de la Universidad Autónoma Chapingo /
_cpor Eddie Guilbardo Lara Campos y Miguel Adrián Rivas Flores
260 _aChapingo, Méx. :
_bEl autor,
_c1998
300 _a115 h.
502 _aTesis (Ing. Agr. Esp. en Zootecnia) -- UACH. Departamento de Zootecnia
650 _aGanado porcino
_xAlimentación
_945329
650 _aGanado porcino
_xEngorda
_945362
650 _aGranjas porcinas
_950413
700 _aRivas Flores, Miguel Adrian
_997557
901 _aTESIS L 1314
902 _aM
910 _a1998
942 _c2
942 _c2
999 _c164972
_d164972